<?xml version="1.0" encoding="UTF-8"?>
<collection xmlns="http://www.loc.gov/MARC21/slim">
  <record>
    <leader>00000nam  2200000   4500</leader>
    <datafield tag="247" ind1="#" ind2="#">
      <subfield code="a"/>
    </datafield>
    <datafield tag="856" ind1="#" ind2="#">
      <subfield code="a"/>
    </datafield>
    <datafield tag="700" ind1=" " ind2="#">
      <subfield code="a"/>
    </datafield>
    <datafield tag="650" ind1=" " ind2="#">
      <subfield code="a">Pembinaan Prestasi Olahraga</subfield>
    </datafield>
    <datafield tag="520" ind1=" " ind2="#">
      <subfield code="a">Lesson learn dalam implementasi proyek perubahan ini adalah pentingnya memahami kebutuhan stakeholder akselerasi prestasi olahraga, hal ini bisa dilakukan dengan rapat koordinasi lintas sektor untuk mendapatkan informasi dan merancang program yang relevan serta menarik. Kemudian enggagement terhadap pemangku kepentingan yang lebih aktif dan intens. Melibatkan berbagai pihak seperti pelatih, atlet, organisasi olahraga, untuk berkolaborasi hal ini akan menciptakan rasa kepemilikan dan meningkatkan dukungan terhadap akselerasi prestasi olahraga Kab. Halmahera Tengah.</subfield>
    </datafield>
    <datafield tag="321" ind1="#" ind2="#">
      <subfield code="a"/>
    </datafield>
    <datafield tag="310" ind1="#" ind2="#">
      <subfield code="a"/>
    </datafield>
    <datafield tag="300" ind1="#" ind2="#">
      <subfield code="a">10 hlm. :</subfield>
      <subfield code="b">ill. ;</subfield>
      <subfield code="c">30 cm</subfield>
      <subfield code="e"/>
    </datafield>
    <datafield tag="260" ind1="#" ind2="#">
      <subfield code="a">Jakarta :</subfield>
      <subfield code="b">Pusbangkom Pimnas dan Manajerial ASN. ;</subfield>
      <subfield code="c">2024</subfield>
    </datafield>
    <controlfield tag="001">$a INLIS000000000020886</controlfield>
    <datafield tag="245" ind1="#" ind2="#">
      <subfield code="a">Akselerasi Pembinaan Prestasi Olahraga Kabupaten Halmahera Tengah</subfield>
      <subfield code="b"/>
      <subfield code="c">Muksin Ibrahim</subfield>
    </datafield>
    <datafield tag="100" ind1=" " ind2="#">
      <subfield code="a">Muksin Ibrahim</subfield>
    </datafield>
    <datafield tag="084" ind1="#" ind2="#">
      <subfield code="a">R 0164 PKN II 2024</subfield>
    </datafield>
    <datafield tag="082" ind1="#" ind2="#">
      <subfield code="a"/>
    </datafield>
    <datafield tag="035" ind1="#" ind2="#">
      <subfield code="a">0010-0426000043</subfield>
    </datafield>
    <datafield tag="020" ind1="#" ind2="#">
      <subfield code="a"/>
    </datafield>
    <controlfield tag="008">$a 260427################g##########0#ind##</controlfield>
    <controlfield tag="005">$a 20260427143938</controlfield>
  </record>
</collection>
